Me duele una mujer en todo el cuerpo /. (Registro nro. 9318)

000 -CABECERA
campo de control de longitud fija 00885nam a2200289 a 4500
001 - NÚMERO DE CONTROL
campo de control 000080902
005 - FECHA Y HORA DE LA ÚLTIMA TRANSACCIÓN
campo de control 20200120224408.0
008 - DATOS DE LONGITUD FIJA--INFORMACIÓN GENERAL
campo de control de longitud fija 161103s2014 ck ||||e |||| |01 pbspa d
020 ## - NÚMERO INTERNACIONAL ESTÁNDAR DEL LIBRO
Número Internacional Estándar del Libro 9789587721683
020 ## - NÚMERO INTERNACIONAL ESTÁNDAR DEL LIBRO
Número Internacional Estándar del Libro 9789587721904
041 0# - CÓDIGO DE LENGUA
Código de lengua del texto/banda sonora o título independiente #spa
043 ## - CÓDIGO DE ÁREA GEOGRÁFICA
Código de área geográfica s-ck---
082 04 - NÚMERO DE LA CLASIFICACIÓN DECIMAL DEWEY
Número de edición 21
090 ## - LOCALMENTE ASIGNADO TIPO-LC NÚMERO DE CLASIFICACIÓN (OCLC); NÚMERO DE CLASIFICACIÓN LOCAL (RLIN)
Número de clasificación (OCLC) (R) ; Numero de clasificación, CALL (RLIN) (NR) AP
Número cutter local (OCLC) ; Número de libro/Signatura topográfica íntegra, CALL (RLIN) DUEU
245 10 - MENCIÓN DE TÍTULO
Título Me duele una mujer en todo el cuerpo /.
250 ## - MENCIÓN DE EDICIÓN
Mención de edición 1a. ed.
260 ## - PUBLICACIÓN, DISTRIBUCIÓN, ETC.
Lugar de publicación, distribución, etc. Bogotá :
Nombre del editor, distribuidor, etc. Universidad Externado de Colombia. Decanatura Cultural,
Fecha de publicación, distribución, etc. 2014.
300 ## - DESCRIPCIÓN FÍSICA
Extensión 2 Volúmenes.
490 #0 - MENCIÓN DE SERIE
Mención de serie Un libro por centavos
Designación de volumen o secuencia 105-106
500 ## - NOTA GENERAL
Nota general Incluye índice.
505 0# - NOTA DE CONTENIDO CON FORMATO
Información miscelánea Antología de poesía femenina
Título v.1
Información miscelánea Antología femenina
Título v.2
506 0# - NOTA DE RESTRICCIONES AL ACCESO
Limitaciones de acceso General
650 17 - PUNTO DE ACCESO ADICIONAL DE MATERIA--TÉRMINO DE MATERIA
Término de materia o nombre geográfico como elemento de entrada Poesía colombiana
Fuente del encabezamiento o término LEMB
650 27 - PUNTO DE ACCESO ADICIONAL DE MATERIA--TÉRMINO DE MATERIA
Término de materia o nombre geográfico como elemento de entrada Belleza en la literatura
Fuente del encabezamiento o término LEMB
650 27 - PUNTO DE ACCESO ADICIONAL DE MATERIA--TÉRMINO DE MATERIA
Término de materia o nombre geográfico como elemento de entrada Sensibilidad en la literatura
Fuente del encabezamiento o término LEMB
650 27 - PUNTO DE ACCESO ADICIONAL DE MATERIA--TÉRMINO DE MATERIA
Término de materia o nombre geográfico como elemento de entrada Mujeres en la literatura
Subdivisión geográfica Colombia
Fuente del encabezamiento o término LEMB
Existencias
Estado de retiro Estado de pérdida Fuente del sistema de clasificación o colocación Estado dañado No para préstamo Código de colección Localización permanente Ubicación/localización actual Fecha de adquisición Número de inventario Total de préstamos Signatura topográfica completa Código de barras Fecha visto por última vez Número de copia Precio válido a partir de Tipo de ítem Koha Nota pública Fecha del último préstamo
          Literatura Adulto Biblioteca Pública San Juan Bosco Biblioteca Pública San Juan Bosco 20/01/2020 103785   AP DUEU MOS003650 05/01/2021 v.2. ej.1. 20/01/2020 Libro Literatura Quince días  
          Literatura Adulto Biblioteca Pública San Juan Bosco Biblioteca Pública San Juan Bosco 20/01/2020 103782   AP DUEU MOS003724 05/01/2021 v.1. ej.1. 20/01/2020 Libro Literatura Quince días  
          Literatura Adulto Biblioteca Pública San Juan Bosco Biblioteca Pública San Juan Bosco 20/01/2020 NT 1 AP DUEU MOS019253 13/07/2023 v.2. ej.2. 20/01/2020 Libro Literatura Quince días 17/06/2023

© Todos los derechos reservados para la Biblioteca Pública Municipal San Juan Bosco, 2020
Secretaria de Cultura de Mosquera
Carrera 3 N° 10 Esquina Centro Cultural Barrio El Carmén Teléfono: 8270830 Ext: 34
Funcionando con KOHA
Contacto: Biblioteca Pública Municipal San Juan Bosco/ bibliotecasanjuanbosco@mosquera-cundinamarca.gov.co
Mosquera, Cundinamarca